Introduction to mechatronic design (Record no. 576819)
[ view plain ]
| 000 -LEADER | |
|---|---|
| fixed length control field | 00391nam a22001457a 4500 |
| 020 ## - INTERNATIONAL STANDARD BOOK NUMBER | |
| International Standard Book Number | 9788131788257 |
| 082 ## - DEWEY DECIMAL CLASSIFICATION NUMBER | |
| Classification number | 621.MEC CAR |
| 100 ## - MAIN ENTRY--PERSONAL NAME | |
| Personal name | Carryer, J.Edward |
| 9 (RLIN) | 69603 |
| 245 ## - TITLE STATEMENT | |
| Title | Introduction to mechatronic design |
| 260 ## - PUBLICATION, DISTRIBUTION, ETC. | |
| Place of publication, distribution, etc. | India |
| Name of publisher, distributor, etc. | Pearson |
| Date of publication, distribution, etc. | 2017 |
| 300 ## - PHYSICAL DESCRIPTION | |
| Extent | xxvi,782 P |
| 650 ## - SUBJECT ADDED ENTRY--TOPICAL TERM | |
| Topical term or geographic name entry element | Mechatronic Design |
| 9 (RLIN) | 69604 |
| 700 ## - ADDED ENTRY--PERSONAL NAME | |
| Personal name | Ohline, R.Matthew. Kenny,Thomas W. |
| 9 (RLIN) | 69605 |
| 942 ## - ADDED ENTRY ELEMENTS (KOHA) | |
| Koha item type | Book |
| Withdrawn status | Lost status | Damaged status | Not for loan | Collection code | Permanent Location | Current Location | Shelving location | Date acquired | Total Checkouts | Full call number | Barcode | Date last seen | Price effective from | Koha item type | Checked out | Date last checked out |
|---|---|---|---|---|---|---|---|---|---|---|---|---|---|---|---|---|
| College of Electrical & Mechanical Engineering (CEME) | College of Electrical & Mechanical Engineering (CEME) | General Stacks | 10/11/2019 | 621-MEC CAR | CEME-49903 | 06/28/2021 | 06/28/2021 | Book | ||||||||
| College of Electrical & Mechanical Engineering (CEME) | College of Electrical & Mechanical Engineering (CEME) | General Stacks | 10/11/2019 | 1 | 621-MEC CAR | CEME-49904 | 12/09/2025 | 06/28/2021 | Book | 01/08/2026 | 12/09/2025 | |||||
| College of Electrical & Mechanical Engineering (CEME) | College of Electrical & Mechanical Engineering (CEME) | General Stacks | 10/11/2019 | 621-MEC CAR | CEME-49905 | 06/28/2021 | 06/28/2021 | Book | ||||||||
| College of Electrical & Mechanical Engineering (CEME) | College of Electrical & Mechanical Engineering (CEME) | General Stacks | 10/11/2019 | 621-MEC CAR | CEME-49906 | 06/28/2021 | 06/28/2021 | Book | ||||||||
| College of Electrical & Mechanical Engineering (CEME) | College of Electrical & Mechanical Engineering (CEME) | General Stacks | 10/11/2019 | 621-MEC CAR | CEME-49907 | 06/28/2021 | 06/28/2021 | Book |
